Truyện cổ Đông phương

Uloženo v:
Podrobná bibliografie
Hlavní autor: Buskova, Jarmila
Médium: Kniha
Jazyk:Undetermined
Vydáno: Thành phố Hồ Chí Minh Văn Nghệ 2002
Témata:
Tagy: Přidat tag
Žádné tagy, Buďte první, kdo otaguje tento záznam!
Thư viện lưu trữ: Trung tâm Học liệu Trường Đại học Cần Thơ
LEADER 00560nam a2200193Ia 4500
001 CTU_95512
008 210402s9999 xx 000 0 und d
020 |c 21000 
082 |a 398.2095 
082 |b B979 
100 |a Buskova, Jarmila 
245 0 |a Truyện cổ Đông phương 
245 0 |c Jarmila Buskova; Văn Hòa biên dịch 
260 |a Thành phố Hồ Chí Minh 
260 |b Văn Nghệ 
260 |c 2002 
650 |a Folk literature 
904 |i Trúc,Hải 
980 |a Trung tâm Học liệu Trường Đại học Cần Thơ